| 000 | 00793nam a22002057a 4500 | ||
|---|---|---|---|
| 999 |
_c14823 _d14823 |
||
| 003 | OSt | ||
| 005 | 20200109114848.0 | ||
| 008 | 200109b ||||| |||| 00| 0 eng d | ||
| 040 | _cUMDC | ||
| 082 |
_22019 _aUT 1393 _bP13 |
||
| 100 |
_aJonathan D. Padayao _941114 |
||
| 245 |
_aThe mediating role of math anxiety towards math self-concept and math performance of grade 12 humms students in the private schools in Digos City: _cJonathan D. Padayao, Rovie Ann C. Tabed and Jason Carl O. Comabig |
||
| 260 |
_aDigos City: _bUMDC _cDecember 2019 |
||
| 300 |
_a34 pages; _c30 cm. |
||
| 650 |
_aEducation _vMathematics _xUndergraduate thesis: _941115 |
||
| 700 |
_aPadayao, Jonathan D. _941116 |
||
| 700 |
_a Tabed, Rovie Ann C. _941117 |
||
| 700 |
_aComabig, Jason Carl O. _941118 |
||
| 942 |
_2ddc _cUT |
||